000 00502nam a2200181Ia 4500
999 _c34109
_d34109
003 OSt
005 20200907105454.0
008 190216s9999||||xx |||||||||||||| ||und||
020 _a8171694659
040 _coclc
082 _a530.03
_bSIN/D
100 _aSingh, S K
_94459
245 0 _aDictionary Of Physics /
_cS K Singh
260 _bCommon Wealth Publishers,
_aNew Delhi:
_c2006.
300 _a247p
650 _aPhysics
942 _cBK
_2ddc
_h530.03
_iSIN/D
_k530.03
_mSIN/D